000 00238nam a2200097Ia 4500
001 1207198
005 20251016145343.0
008 250824s9999 xx 000 0 und d
245 0 _aÇERİ-2
_cGÖKHAN ÇAYIRLI
260 _bLOPUS YAYINLARI
999 _c1207198
_d1207198